Normal view
MARC view
Entry Personal Name
001 - CONTROL NUMBER
- control field: 13544
003 - CONTROL NUMBER IDENTIFIER
- control field: BD-RjUL
005 - DATE AND TIME OF LATEST TRANSACTION
- control field: 20240918153611.0
008 - FIXED-LENGTH DATA ELEMENTS
- fixed length control field: 240918|| aca||aabn | a|a d
040 ## - CATALOGING SOURCE
- Original cataloging agency: BD-RjUL
- Transcribing agency: BD-RjUL
100 ## - HEADING--PERSONAL NAME
- Personal name: Hena, Most. Hasna
670 ## - SOURCE DATA FOUND
- Source citation: Work cat.: (BD-RjUL)84011: Hena, Most. Hasna, Role of Women Entrepreneurs of Grameen Bank of Bangladesh :, 2006